Interconnection of climate change, agriculture and climate justice: complexities for feeding the world under changing climate (Record no. 116466)

000 -LEADER
fixed length control field 00515pab a2200169 454500
008 - FIXED-LENGTH DATA ELEMENTS--GENERAL INFORMATION
fixed length control field 180718b2016 xxu||||| |||| 00| 0 eng d
100 ## - MAIN ENTRY--PERSONAL NAME
Personal name Ghimire, Deepak
245 ## - TITLE STATEMENT
Title Interconnection of climate change, agriculture and climate justice: complexities for feeding the world under changing climate
260 ## - PUBLICATION, DISTRIBUTION, ETC.
Date of publication, distribution, etc. 2016
300 ## - PHYSICAL DESCRIPTION
Extent p.270-273.
650 ## - SUBJECT ADDED ENTRY--TOPICAL TERM
Topical term or geographic name entry element Environmental degradation
650 ## - SUBJECT ADDED ENTRY--TOPICAL TERM
Topical term or geographic name entry element Agriculture
650 ## - SUBJECT ADDED ENTRY--TOPICAL TERM
Topical term or geographic name entry element Climatic change
700 ## - ADDED ENTRY--PERSONAL NAME
Personal name Panday, Dinesh
773 ## - HOST ITEM ENTRY
Main entry heading Development
909 ## -
-- 116472
Holdings
Withdrawn status Lost status Damaged status Not for loan Permanent Location Current Location Date acquired Serial Enumeration / chronology Barcode Date last seen Price effective from Koha item type
        Indian Institute of Public Administration Indian Institute of Public Administration 2018-07-19 Volume no: 59, Issue no: 3-4 AR116932 2018-07-19 2018-07-19 Articles

Powered by Koha